Представление документа в формате RUSMARC

ПолеНазваниеЗначение
  Тип записи a
  Библиографический уровень m
001 Контрольный номер RU\bookru\bibl\920769
003 Постоянный идентификатор записи http://www.book.ru/book/920769
005 Дата корректировки 20161026112538.3
010 Индекс ISBN __
a ISBN 978-5-406-05260-0
100 Данные общей обработки 0_
a Данные общей обработки 20160901d2016 mk y0rusy50 ca
101 Язык документа 0_
a Язык текста Русский
102 Страна публикации __
a Страна публикации RU
105 Кодированные данные (монография) __
a Кодированные данные (монография) y ||||000yy
200 Заглавие и сведения об ответственности 1_
a Заглавие Совершенствование организации бухгалтерского учета и контроля в автономных образовательных учреждениях
210 Выходные данные __
a Место издания Москва
c Издательство КноРус
d Дата издания 2016
215 Физическое описание __
a Объем 144
330 Аннотация __
a Аннотация Представлены теоретико-практические аспекты разработки концепции научного направления –организации бухгалтерского учета и контроля в автономных образовательных учреждениях. Раскрываются теоретические основы функционирования автономной системы образовательной деятельности в России, основные понятия, обосновывается цель, место и задачи учетно-контрольной системы, обосновывается система методологических принципов управления бизнесом. Отдельными разделами представлены: методология формирования повышения роли учетной политики в оценке финансово-хозяйственной деятельности автономных образовательных учреждений Для научных работников, преподавателей вузов, аспирантов, студентов экономических специальностей, а также специалистов-практиков в области бухгалтерского учета, анализа и контроля.
606 Тематические рубрики __
a Основная рубрика Бухгалтерский учет. Аудит
2 Код системы local
608 Указатель предметных рубрик __
a Жанр/форма Монография
2 Код системы local
675 Индекс УДК __
a Индекс УДК 519.2+657.6
z Язык издания rus
686 Индексы других классификаций __
a Классификационный индекс 65.053
2 Код системы rubbk
700 Автор _1
a Фамилия Горюнова Н.Д., Рогуленко Т.М., Пономарева С.В.
801 Источник записи _1
a Страна RU
b Организация book_ru
c Дата составления 20160901
g Правила каталогизации RCR
856 Электронный адрес документа 4_
u Универсальный указатель ресурса (URL) http://www.book.ru/book/920769
951 __
a http://www.book.ru/book/920769